[Event "Issyk Kul op"]
[Site "Cholpon Ata"]
[Date "2019.08.20"]
[Round "3"]
[White "Zhusupov, Mairambek"]
[Black "Rustamov, Asilbek"]
[Result "1/2-1/2"]
[WhiteElo "1748"]
[BlackElo "1845"]
[PlyCount "59"]
[EventDate "2019.08.19"]
[EventType "swiss"]
[EventRounds "9"]
[EventCountry "KGZ"]
[SourceTitle "EXT 2020"]
[Source "ChessBase"]
[SourceDate "2019.10.17"]
[SourceVersion "1"]
[SourceVersionDate "2019.10.17"]
[SourceQuality "1"]

1. d4 d5 2. c4 e6 3. Nc3 c6 4. e3 f5 5. Nf3 Nf6 6. Bd3 Bd6 7. g3 0-0 8. 0-0 Ne4 9. Bd2 Nd7 10. Ne1 b6 11. f3 Nxd2 12. Qxd2 Bb7 13. cxd5 exd5 14. Ng2 Qf6 15. f4 c5 16. Bc2 Qe6 17. Nh4 g6 18. Nf3 Nf6 19. Ne5 Ne4 20. Nxe4 fxe4 21. Rac1 Bxe5 22. fxe5 Rxf1+ 23. Rxf1 Rf8 24. Rxf8+ Kxf8 25. Qf2+ Kg7 26. Bd1 Ba6 27. h3 Qxh3 28. Qf6+ Kg8 29. Qd8+ Kg7 30. Qf6+ 1/2-1/2

[Event "Issyk Kul op"]
[Site "Cholpon Ata"]
[Date "2019.08.19"]
[Round "2"]
[White "Azhibaev, Keneshbek"]
[Black "Zhusupov, Mairambek"]
[Result "0-1"]
[WhiteElo "1362"]
[BlackElo "1748"]
[PlyCount "98"]
[EventDate "2019.08.19"]
[EventType "swiss"]
[EventRounds "9"]
[EventCountry "KGZ"]
[SourceTitle "EXT 2020"]
[Source "ChessBase"]
[SourceDate "2019.10.17"]
[SourceVersion "1"]
[SourceVersionDate "2019.10.17"]
[SourceQuality "1"]

1. e4 c5 2. Nf3 d6 3. Bb5+ Bd7 4. Nc3 Nf6 5. Bxd7+ Qxd7 6. d4 cxd4 7. Nxd4 g6 8. 0-0 Bg7 9. Qd3 0-0 10. Nce2 Na6 11. Ng3 Nc5 12. Qe3 Ng4 13. Qd2 h5 14. f3 Ne5 15. c3 Rac8 16. Qe2 a6 17. Nh1 b5 18. a3 Nc4 19. Be3 Nxe3 20. Qxe3 Qa7 21. Nb3 Qb7 22. Nxc5 Rxc5 23. Nf2 Kh7 24. Nd3 Rc4 25. Rad1 a5 26. Qe2 Bh6 27. Kh1 Rfc8 28. g3 Qd7 29. Kg2 Qe6 30. Nf4 Bxf4 31. gxf4 Qf6 32. Qe3 b4 33. axb4 axb4 34. cxb4 Qxb2+ 35. Rd2 Qxb4 36. Rff2 Rc3 37. Qd4 Qxd4 38. Rxd4 Kg7 39. Kg3 Rc1 40. e5 dxe5 41. fxe5 R8c5 42. f4 e6 43. Rd3 R1c3 44. Rff3 Rxd3 45. Rxd3 Rc1 46. h4 Rg1+ 47. Kh3 Rg4 48. Rf3 f6 49. exf6+ Kxf6 0-1

[Event "KGZ-ch HL"]
[Site "Bishkek"]
[Date "2018.05.17"]
[Round "7"]
[White "Zhusupov, Mairambek"]
[Black "Maznitsin, Andrei"]
[Result "0-1"]
[WhiteElo "1874"]
[BlackElo "2291"]
[PlyCount "38"]
[EventDate "2018.05.11"]
[EventType "swiss"]
[EventRounds "9"]
[EventCountry "KGZ"]
[SourceTitle "EXT 2019"]
[Source "ChessBase"]
[SourceDate "2018.10.10"]
[SourceVersion "1"]
[SourceVersionDate "2018.10.10"]
[SourceQuality "1"]

1. d4 Nf6 2. c4 e6 3. Nc3 Bb4 4. e3 c5 5. Nge2 b6 6. a3 Ba5 7. Ng3 0-0 8. Bd3 Bxc3+ 9. bxc3 Ba6 10. e4 Nc6 11. e5 Ne8 12. Qh5 f5 13. exf6 Nxf6 14. Qh4 cxd4 15. 0-0 Ne5 16. Be4 Nxe4 17. Qxe4 Nxc4 18. Qxd4 Na5 19. Qa4 Bxf1 0-1

[Event "KGZ-ch HL"]
[Site "Bishkek"]
[Date "2018.05.13"]
[Round "3"]
[White "Sulaimanov, Tilekmatali"]
[Black "Zhusupov, Mairambek"]
[Result "1/2-1/2"]
[WhiteElo "1304"]
[BlackElo "1874"]
[PlyCount "157"]
[EventDate "2018.05.11"]
[EventType "swiss"]
[EventRounds "9"]
[EventCountry "KGZ"]
[SourceTitle "EXT 2019"]
[Source "ChessBase"]
[SourceDate "2018.10.10"]
[SourceVersion "1"]
[SourceVersionDate "2018.10.10"]
[SourceQuality "1"]

1. d4 Nf6 2. Nf3 g6 3. c4 Bg7 4. Nc3 0-0 5. e4 d6 6. Be2 e5 7. dxe5 dxe5 8. Qxd8 Rxd8 9. Bg5 c6 10. Nxe5 Re8 11. 0-0-0 h6 12. Bf4 Na6 13. Rhe1 Nc5 14. Bf3 g5 15. Bg3 g4 16. Be2 Nfxe4 17. Nxe4 Nxe4 18. Nxg4 Nxg3 19. hxg3 Rxe2 20. Rd8+ Kh7 21. Rxe2 Bxg4 22. Rxa8 Bxe2 23. Rxa7 Bxc4 24. Rxb7 Bxa2 25. b3 Kg6 26. Kd2 c5 27. b4 cxb4 28. Rxb4 h5 29. Rb5 Bc4 30. Rb6+ f6 31. Ke3 Bf8 32. Rc6 Bd5 33. Rc8 Bh6+ 34. f4 Bxg2 35. Ra8 Kh7 36. Rd8 Bh3 37. Ke4 Kg6 38. Rg8+ Bg7 39. Rb8 Bg2+ 40. Ke3 Kf7 41. Kf2 Be4 42. Ke3 f5 43. Rb6 Bf6 44. Ra6 Bg2 45. Ra2 Bh3 46. Ra6 Bg4 47. Kd2 h4 48. gxh4 Bxh4 49. Ke3 Be7 50. Kd4 Bf6+ 51. Ke3 Bd1 52. Rc6 Bb3 53. Ra6 Bd5 54. Rd6 Be6 55. Ra6 Bb2 56. Kf3 Bd4 57. Kg3 Be3 58. Kf3 Bc1 59. Kg3 Bd2 60. Kf3 Bd5+ 61. Kg3 Be1+ 62. Kh2 Bf2 63. Rh6 Be6 64. Rh7+ Kg6 65. Rh3 Bd5 66. Rh8 Be4 67. Kh3 Kf7 68. Rh6 Ke7 69. Ra6 Kd7 70. Rh6 Be3 71. Kg3 Bc5 72. Kh4 Be7+ 73. Kh5 Bf3+ 74. Kg6 Bg4 75. Kf7 Bd6 76. Rf6 Bxf4 77. Kg6 Be3 78. Rxf5 Bxf5+ 79. Kxf5 1/2-1/2

[Event "KGZ-ch HL"]
[Site "Bishkek"]
[Date "2018.05.11"]
[Round "1"]
[White "Zhusupov, Mairambek"]
[Black "Chyngyz, Sultai"]
[Result "1-0"]
[WhiteElo "1874"]
[BlackElo "1204"]
[PlyCount "75"]
[EventDate "2018.05.11"]
[EventType "swiss"]
[EventRounds "9"]
[EventCountry "KGZ"]
[SourceTitle "EXT 2019"]
[Source "ChessBase"]
[SourceDate "2018.10.10"]
[SourceVersion "1"]
[SourceVersionDate "2018.10.10"]
[SourceQuality "1"]

1. c4 Nf6 2. Nc3 g6 3. g3 Bg7 4. Bg2 0-0 5. Nf3 e6 6. 0-0 d5 7. d4 c6 8. Qb3 Ne4 9. e3 Nxc3 10. bxc3 b5 11. cxb5 cxb5 12. a4 bxa4 13. Rxa4 Ba6 14. Re1 Qc8 15. Nd2 Nd7 16. Qa3 Bb5 17. Ra5 Qc6 18. e4 Rfe8 19. Bf1 Bxf1 20. Kxf1 dxe4 21. Rxe4 Nf6 22. Rh4 Bf8 23. Qa1 Nd5 24. c4 Nb4 25. Kg1 Nc2 26. Qb2 Ne1 27. d5 Qc7 28. Rb5 exd5 29. Qd4 Bg7 30. Qxd5 Rad8 31. Re4 Rf8 32. Rb7 Qc8 33. Qb5 Rxd2 34. Bxd2 Nf3+ 35. Kg2 Nxd2 36. Rf4 Bh6 37. Rfxf7 a6 38. Qd5 1-0